| 000 | 00701nam a2200241Ia 4500 | ||
|---|---|---|---|
| 003 | OSt | ||
| 005 | 20220926024429.0 | ||
| 006 | a|||||r|||| 00| 0 | ||
| 007 | ta | ||
| 008 | 220923b |||||||| |||| 00| 0 eng d | ||
| 037 | _cGeneral Book | ||
| 040 |
_aRTL _cRTL _beng |
||
| 041 |
_2eng _aeng |
||
| 082 | _aY9(X:9), M8 | ||
| 100 |
_aPahl R E _9270056 |
||
| 245 | 0 |
_aOn work _bHistorical comparartive and theoretical approaches |
|
| 260 |
_aOxford _bBasil Blackwell Ltd _c1988 |
||
| 300 |
_axi,752p _ccm. |
||
| 500 | _aBibliography Chapterwise | ||
| 650 |
_aPersonal Management Sociology _9230807 |
||
| 942 |
_hY9(X:9), M8 _cGB _2CC |
||
| 999 |
_c644188 _d644188 |
||